Sustainable Economic Development From Global Perspective: Transregional European Union Economic Diplomacy and “Green Deal Diplomacy”

Popis a analýza diplomacie Európske únie ohľadne udržateľného rozvoja. Analýza cieľov EÚ: ako ekonomická diplomacia prispieva k rastu, inováciám a posilneniu medzinárodnej pozície.

Salvato in:
Dettagli Bibliografici
Autore principale: Čerňák, Jozef, 1963-
Altri autori: Čiderová, Denisa, 1977-, Benashvili, Giorgi
Natura: Capitolo di libro
Lingua:inglese
Soggetti:
Tags: Aggiungi Tag
Nessun Tag, puoi essere il primo ad aggiungerne!!

MARC

LEADER 00000naa$a2200000$$$4500
001 0294321
005 20240502083948.7
041 0 |a eng 
044 |a BG 
245 1 0 |a Sustainable Economic Development From Global Perspective: Transregional European Union Economic Diplomacy and “Green Deal Diplomacy”  |c Jozef Čerňák, Denisa Čiderová, Giorgi Benashvili 
520 |a Popis a analýza diplomacie Európske únie ohľadne udržateľného rozvoja. Analýza cieľov EÚ: ako ekonomická diplomacia prispieva k rastu, inováciám a posilneniu medzinárodnej pozície. 
610 2 0 |a rozvoj trvalo udržateľný 
610 2 0 |a diplomacia hospodárska 
610 2 0 |a globalizácia hospodárstva 
610 2 0 |a obchod medzinárodný 
610 2 0 |a Európska únia 
100 1 |a Čerňák, Jozef, 1963- 
700 1 |a Čiderová, Denisa, 1977- 
700 1 |a Benashvili, Giorgi